MARC details
| 000 -LEADER |
| fixed length control field |
01341cam a2200373 a 4500 |
| 001 - CONTROL NUMBER |
| control field |
cariboujourney00mill |
| 003 - CONTROL NUMBER IDENTIFIER |
| control field |
CaSfIA |
| 005 - DATE AND TIME OF LATEST TRANSACTION |
| control field |
20230525154905.0 |
| 007 - PHYSICAL DESCRIPTION FIXED FIELD--GENERAL INFORMATION |
| fixed length control field |
cr|||| |
| 008 - FIXED-LENGTH DATA ELEMENTS--GENERAL INFORMATION |
| fixed length control field |
930217s1994 maua j 000 0 eng |
| 010 ## - LIBRARY OF CONGRESS CONTROL NUMBER |
| LC control number |
93009777 |
| 040 ## - CATALOGING SOURCE |
| Original cataloging agency |
DLC |
| Transcribing agency |
DLC |
| Modifying agency |
OCL |
| -- |
BAKER |
| -- |
BTCTA |
| -- |
YDXCP |
| -- |
CaSfIA |
| 020 ## - INTERNATIONAL STANDARD BOOK NUMBER |
| International Standard Book Number |
0316573809 : |
| Terms of availability |
$14.95 |
| 020 ## - INTERNATIONAL STANDARD BOOK NUMBER |
| International Standard Book Number |
9780316573801 |
| 035 ## - SYSTEM CONTROL NUMBER |
| System control number |
(OCoLC)27813392 |
| 042 ## - AUTHENTICATION CODE |
| Authentication code |
lcac |
| 043 ## - GEOGRAPHIC AREA CODE |
| Geographic area code |
n-us-ak |
| 050 00 - LIBRARY OF CONGRESS CALL NUMBER |
| Classification number |
QL737.U55 |
| Item number |
M525 1994 |
| 082 00 - DEWEY DECIMAL CLASSIFICATION NUMBER |
| Classification number |
599.73/57 |
| Edition number |
20 |
| 029 1# - OTHER SYSTEM CONTROL NUMBER (OCLC) |
| OCLC library identifier |
YDXCP |
| System control number |
1847497 |
| 029 1# - OTHER SYSTEM CONTROL NUMBER (OCLC) |
| OCLC library identifier |
YDXCP |
| System control number |
206477 |
| 029 1# - OTHER SYSTEM CONTROL NUMBER (OCLC) |
| OCLC library identifier |
NZ1 |
| System control number |
3166316 |
| 100 1# - MAIN ENTRY--PERSONAL NAME |
| Personal name |
Miller, Debbie S. |
| 245 12 - TITLE STATEMENT |
| Title |
A Caribou journey / |
| Medium |
[electronic resource] |
| Statement of responsibility, etc. |
by Debbie S. Miller ; illustrated by Jon Van Zyle. |
| 260 ## - PUBLICATION, DISTRIBUTION, ETC. |
| Place of publication, distribution, etc. |
Boston : |
| Name of publisher, distributor, etc. |
Little, Brown, |
| Date of publication, distribution, etc. |
1994. |
| 300 ## - PHYSICAL DESCRIPTION |
| Extent |
1 v. (unpaged) : |
| Other physical details |
col. ill. ; |
| Dimensions |
21 x 26 cm. |
| 520 ## - SUMMARY, ETC. |
| Summary, etc. |
Surveys the migrations, habits, and habitat of a herd of caribou in Alaska. |
| 650 #0 - SUBJECT ADDED ENTRY--TOPICAL TERM |
| Topical term or geographic name entry element |
Caribou |
| Geographic subdivision |
Alaska |
| Form subdivision |
Juvenile literature. |
| 650 #0 - SUBJECT ADDED ENTRY--TOPICAL TERM |
| Topical term or geographic name entry element |
Caribou |
| General subdivision |
Migration |
| Geographic subdivision |
Alaska |
| Form subdivision |
Juvenile literature. |
| 650 #1 - SUBJECT ADDED ENTRY--TOPICAL TERM |
| Topical term or geographic name entry element |
Caribou. |
| 700 1# - ADDED ENTRY--PERSONAL NAME |
| Personal name |
Van Zyle, Jon, |
| Relator term |
ill. |
| 856 41 - ELECTRONIC LOCATION AND ACCESS |
| Uniform Resource Identifier |
<a href="http://www.archive.org/details/cariboujourney00mill">http://www.archive.org/details/cariboujourney00mill</a> |
| Public note |
Free eBook from the Internet Archive |
| 856 42 - ELECTRONIC LOCATION AND ACCESS |
| Uniform Resource Identifier |
<a href="http://www.openlibrary.org/books/OL1401859M">http://www.openlibrary.org/books/OL1401859M</a> |
| Public note |
Additional information and access via Open Library |